| 000 | 00576nam a22001817a 4500 | ||
|---|---|---|---|
| 005 | 20251108165014.0 | ||
| 008 | 250721s1987 xx 000 0 ara d | ||
| 082 | 1 | 4 | _a530.15/كلا |
| 100 | 1 | _aكلاين، مورس | |
| 245 | 1 | 0 | _aالرياضيات و البحث عن المعرفة / |
| 264 | 1 |
_aبغداد : _bدار الشؤون الثقافية العامة، _c1987. |
|
| 300 | _a248ص | ||
| 650 | 1 | 7 | _aالفيزياء الرياضية |
| 650 | 1 | 7 | _aالفيزياء |
| 700 | 1 |
_aيوسف، سمير ياسين _eترجمة |
|
| 942 |
_2ddc _cBK |
||
| 999 |
_c19655 _d19655 |
||